000 00352 a2200133 4500
000 nam a22 7a 4500
100 _aSri Vyathithaidaya
110 _aSri Vyathithaidaya
245 _aShrimadbhagvad ki shreshth kahaniyan
250 _aLatest edition
260 _bSamsamyik Publisher
_c2024
264 _bSamsamyik Publisher
_c2024
942 _cBK
999 _c395917
_d395917